| 000 | 00564nam a2200193 4500 | ||
|---|---|---|---|
| 001 | 145246 | ||
| 003 | ES-MaACL | ||
| 005 | 20250808012600.0 | ||
| 007 | t| | ||
| 008 | 070214s1950 sp r ||||1| spa d | ||
| 100 | 1 |
_aSouvirón, Sebastián. _9107606 |
|
| 245 | 1 | 0 |
_aFelipe II / _cSebastián Souvirón. |
| 260 |
_aMadrid : _bEd. Nacional, _c1950. |
||
| 300 |
_a180 p. ; _c17 cm. |
||
| 490 | 1 | _aBreviarios de la vida española | |
| 830 | 0 | 0 |
_aBreviarios de la vida española _9180821 |
| 852 |
_aES-MaACL _jD-5709 _bR.30095 |
||
| 999 |
_c145246 _d145246 |
||